000 01099nam a2200337 i 4500
001 768714001
003 CO-MdFUSB
005 20250610150737.0
007 ta
008 200304t2019 ck d|||| |||| 00| 0 spa d
020 _a9781950417087
040 _aCO-MdFUSB
_bspa
_cCO-MdFUSB
_dCO-MdFUSBC
_erda
041 _aspa
082 _223
_a251
_bC462p
100 _aChapell, Bryan.
_eautor
245 3 _aLa predicación Cristocéntrica :
_brescatando el sermón expositivo
_c/ Bryan Chapell
250 _aTercera edición
264 1 _aColombia :
_bPoiema,
_c[2019]
264 4 _c©2019
300 _a536 páginas
_c; 23 cm
336 _2rdacontent
_asonidos
_btxt
337 _2rdamedia
_asin mediación
_bn
338 _2rdacarrier
_avolumen
_bnc
504 _aIncluye referencias bibliográficas (Página 475-418)
505 _aLos principios para la predicación expositiva. -- La preparación de los sermones expositivos. -- La teología de los mensajes Cristocéntricos
563 _aRústico
650 0 _954
_aPredicación
653 _aHomilética
942 _cBK
945 _aJTF-925
999 _c65422
_d65422